000 00665nam a22001817a 4500
003 UA-OsUOA
001 8155
007 ta
008 20040810b un ||||| |||| 00| 0 ukr d
100 _aЯщук В.
942 _cSA
040 _aUA-OsUOA
_cUA-OsUOA
_dUA-OsUOA
245 _aІ посунули підводи з награбованим : До 90-річчя від початку Першої світ. війни
_b[Уривки спогадів про протистояння в р-ні Радивилова в 1916 р. ]
300 _aС.6
955 _a0
773 0 _w0
_tВільне слово
_dРівне
_d2004
_g№57/4 серп./
650 7 _a1916
_2UDC
999 _c294316
_d294316